Rasāʼil al-bulaghāʼ, (Record no. 44925)

MARC details
000 -LEADER
fixed length control field 00670cam a22002171 4500
001 - CONTROL NUMBER
control field ne 61000063
003 - CONTROL NUMBER IDENTIFIER
control field DLC
005 - DATE AND TIME OF LATEST TRANSACTION
control field 20260227111733.0
008 - FIXED-LENGTH DATA ELEMENTS--GENERAL INFORMATION
fixed length control field 901207s1946 ua 000 0 arar
010 ## - LIBRARY OF CONGRESS CONTROL NUMBER
LC control number ne 61000063
035 ## - SYSTEM CONTROL NUMBER
System control number (OCoLC)22807259
040 ## - CATALOGING SOURCE
Original cataloging agency DLC
Transcribing agency WaU
Modifying agency DLC
042 ## - AUTHENTICATION CODE
Authentication code premarc
050 00 - LIBRARY OF CONGRESS CALL NUMBER
Classification number PJ7615
Item number .K8 1946
100 2# - MAIN ENTRY--PERSONAL NAME
Personal name Kurd ʻAlī, Muḥammad,
Dates associated with a name 1876-1953.
245 10 - TITLE STATEMENT
Title Rasāʼil al-bulaghāʼ,
Statement of responsibility, etc. ikhtiyār wa-taṣnīf Muḥammad Kurd ʻAlī.
250 ## - EDITION STATEMENT
Edition statement al-Ṭabʻah al-thālithah.
260 ## - PUBLICATION, DISTRIBUTION, ETC.
Place of publication, distribution, etc. al-Qāhirah,
Name of publisher, distributor, etc. Lajnat al-Taʼlīf wa-al-Tarjamah wa-al-Nashr,
Date of publication, distribution, etc. 1365/1946.
300 ## - PHYSICAL DESCRIPTION
Extent 8, 530 p.
Dimensions 26 cm.
650 #0 - SUBJECT ADDED ENTRY--TOPICAL TERM
Topical term or geographic name entry element Arabic literature.

No items available.

Powered by Koha